000 00709cam a2200205 a 4500
001 000004935
005 20200929151535.0
008 970707s1996 cr 000 p spa
010 _a97169584
040 _aDO-SdBNP
_bspa
_cBNPHU
082 _aES861.4
_bL334c
100 1 _aLars, Claudia,
_d1899-1974
_914259
245 1 3 _aLa Casa de vidrio y otros poemas /
_cClaudia Lars.
260 _aSan Salvador :
_bConsejo Nacional para la Cultura y el Arte,
_c1996.
300 _a92 p. ;
_c22 cm.
490 1 _aBiblioteca básica de literatura salvadoreña
_v4
650 4 _aPoesía salvadoreña
_912306
650 4 _aLiteratura salvadoreña
_92929
830 0 _aBiblioteca básica de literatura salvadoreña ;
_n4
_914260
999 _c4741
_d4741